000 00842cab a22002415a 4500
001 L159900
008 150113e2018 xxk 000 0 eng d
035 _a(Sirsi) u159900
041 0 _aeng
100 1 _aMaxted, Jeff
245 0 0 _aOff-site insight
_h[electronic resource]
260 _aLondon
_bRICS
_c2018
490 _aRICS Building Surveying Journal
_vMarch - April 2018, 13(1)
520 _aPoints out that now is the right time to embrace modular construction and precision manufacture.
650 2 4 _aMODULAR CONSTRUCTION
650 2 4 _aOFF-SITE CONSTRUCTION
650 2 4 _aOFFSITE FABRICATION
651 4 _aUnited Kingdom
_y
651 4 _aAustralia
690 _aBUILT ENVIRONMENT
856 4 0 _https://issuu.com/ricsmodus/docs/building_surveying_journal_march_ap_aa689a2c570f4c
_zAvailable online via Issuu
942 _n0
_2ddc
999 _c85053
_d85053